| Поле | Инд. | ПП | Название | Значение |
|---|---|---|---|---|
| Тип записи | a | |||
| Библиографический уровень | b | |||
| 001 | Контрольный номер | RU/IS/BASE/105008905 | ||
| 005 | Дата корректировки | 20200526074530.6 | ||
| 084 | a | Индекс другой классификации/Индекс ББК | 66.4(2Рос),0; 66.4(0),03; 66.4(7США),9; 66.4(7Пу),9 | |
| 100 | 1_ | a | Автор | Аршба О. И. |
| 245 | a | Заглавие | Мировая тенденция к интеграции: опыт и уроки ассоциированных отношений | |
| 504 | a | Библиография | Библиогр. ссылки | |
| 520 | a | Аннотация | В статье рассматриваются принципы внешней политики России (как и по какому сценарию должны строиться отношения России и ее постсоветских союзников), а также опыт создания ассоциированных отношений между глобальной сверхдержавой США и ее бывшей колонией Пуэрто-Рико | |
| 650 | a | Основная рубрика | внешняя политика | |
| a | Основная рубрика | международные отношения | ||
| a | Основная рубрика | политика | ||
| 653 | a | Ключевые слова | геополитика | |
| a | Ключевые слова | геополитическая интеграция | ||
| a | Ключевые слова | геополитические интересы | ||
| a | Ключевые слова | геополитические отношения | ||
| a | Ключевые слова | национальные интересы | ||
| a | Ключевые слова | политическая интеграция | ||
| a | Ключевые слова | принципы внешней политики | ||
| a | Ключевые слова | Пуэрто-Рико | ||
| a | Ключевые слова | Россия | ||
| a | Ключевые слова | США | ||
| 773 | t | Заглавие источника | Вестник Московского университета. Серия 18, Социология и политология | |
| d | Дата издания источника | 2003 | ||
| g | Прочая информация | № 1. - С. 25 - 32 | ||
| w | Контрольный № источника | RU/IS/BASE/103733045 | ||
| 901 | t | Тип документа | b |